[Event "COL-ch U26 (Women)"]
[Site "Medellin"]
[Date "2018.10.19"]
[Round "3"]
[White "Godoy Taborda, Valentina"]
[Black "Angarita Alvarez, Gissel Karine"]
[Result "1-0"]
[WhiteElo "1600"]
[BlackElo "1710"]
[PlyCount "21"]
[EventDate "2018.10.18"]
[EventType "swiss"]
[EventRounds "6"]
[EventCountry "COL"]
[SourceTitle "CBM 187 Extra"]
[Source "ChessBase"]
[SourceDate "2018.11.04"]
[SourceVersion "1"]
[SourceVersionDate "2018.11.04"]
[SourceQuality "1"]

1. d4 d5 2. Bf4 Nf6 3. e3 Nc6 4. Bd3 g6 5. Nf3 Bg7 6. 0-0 0-0 7. c4 Nh5 8. Bg5 Bg4 9. Nbd2 Re8 10. h3 Bxf3 11. Qxf3 1-0

[Event "COL-ch U26 (Women)"]
[Site "Medellin"]
[Date "2018.10.18"]
[Round "1"]
[White "Godoy Taborda, Valentina"]
[Black "Gomez Guardo, Laura Melissa"]
[Result "1/2-1/2"]
[WhiteElo "1600"]
[BlackElo "1784"]
[PlyCount "67"]
[EventDate "2018.10.18"]
[EventType "swiss"]
[EventRounds "6"]
[EventCountry "COL"]
[SourceTitle "CBM 187 Extra"]
[Source "ChessBase"]
[SourceDate "2018.11.04"]
[SourceVersion "1"]
[SourceVersionDate "2018.11.04"]
[SourceQuality "1"]

1. d4 Nf6 2. Bf4 g6 3. e3 Bg7 4. Bd3 d6 5. h3 Nc6 6. Nf3 0-0 7. 0-0 Re8 8. Nbd2 e5 9. Bg5 h6 10. Bxf6 Bxf6 11. d5 Ne7 12. e4 c6 13. c4 Bg7 14. b4 f5 15. Qc2 f4 16. Qb3 Kh7 17. Rfd1 cxd5 18. cxd5 g5 19. Rdc1 Ng6 20. Nh2 Rf8 21. Be2 Bd7 22. Nc4 Qf6 23. Rc3 Nh4 24. Rac1 Rac8 25. Na5 Rxc3 26. Rxc3 b6 27. Rc7 Bxh3 28. Qxh3 bxa5 29. b5 f3 30. Nxf3 Rf7 31. Qc8 Rf8 32. Qg4 Rf7 33. Rxf7 Qxf7 34. Nxh4 1/2-1/2